Café Europa : (Record no. 610735)

MARC details
000 -LEADER
fixed length control field 00491nam a2200193 a 4500
008 - FIXED-LENGTH DATA ELEMENTS--GENERAL INFORMATION
fixed length control field 260206s1996##################000#0#eng##
020 ## - INTERNATIONAL STANDARD BOOK NUMBER
ISBN 9780349107295
082 04 - DEWEY DECIMAL CLASSIFICATION NUMBER
Classification number 306.0947
Item number DRA
100 1# - MAIN ENTRY--AUTHOR NAME
Personal name Drakulić, Slavenka,
245 10 - TITLE STATEMENT
Title Café Europa :
260 ## - PUBLICATION, DISTRIBUTION, ETC. (IMPRINT)
Name of publisher Little Brown,
Year of publication 1996.
300 ## - PHYSICAL DESCRIPTION
Number of Pages 213 pages
650 #0 - SUBJECT ADDED ENTRY--TOPICAL TERM
Topical Term East Europeans.
942 ## - ADDED ENTRY ELEMENTS (KOHA)
Koha item type English Books
Holdings
Withdrawn status Lost status Damaged status Not for loan Home library Current library Shelving location Date acquired Full call number Accession Number Price effective from Koha item type
        Anna Centenary Library Anna Centenary Library 3RD FLOOR, B WING 06.02.2026 306.0947 DRA 506811 06.02.2026 English Books

Find us on the map